Statistics for Top 15 Countries with Covid-19 Deaths - 14 May

Click here to take the quiz!

General Stats

  • This quiz has been taken 14 times
  • The average score is 15 of 21

Answer Stats

country% Correct
China
100%
Germany
100%
United States
100%
Canada
93%
France
93%
Italy
93%
United Kingdom
93%
Brazil
86%
Mexico
79%
Sweden
79%
Sweden
79%
Spain
64%
Denmark
57%
Netherlands
57%
Portugal
57%
Turkey
57%
Iran
50%
Ireland
50%
Switzerland
50%
Belgium
43%
Ecuador
36%

Score Distribution

Percentile by Number Answered

Percent of People with Each Score

Your Score History

You have not taken this quiz